000 00914nas a2200301 4500
001 BR0404553
003 BR-BrBNA
005 20231205104841.0
007 ta
008 230509b bl.|||p| |||| 00| 00por d
040 _aBR-BrBNA
_bpor
_cBiblioteca Nacional de Agricultura
041 _a(Pt)
072 _aF08
100 1 _aFilgueiras, R.C.
100 1 _aTakahashi, H.W.
100 1 _aBeninni, E.R.Y.
245 1 _aProdução de alface hidropônico em diferentes condutividades elétricas
650 _aALFACE
650 _aCULTIVO HIDROPÔNICO
650 _aPRODUÇÃO VEGETAL
650 _aSOLUÇÃO NUTRITIVA
650 _aABSORÇÃO DE NUTRIENTES
650 _aNITRATO
650 _aCONDUTIVIDADE ELÉTRICA
773 0 _tSemina Ciencias Agrarias (Brazil)
_xISSN 1676-546X
_g(Jul-Dec 2002), v. 23(2) p. 157-163
_wBR0404553
909 _a202311
_bLúcia
_c55
_dLúcia Elande
942 _2AGRIS
_n0
_cANA
999 _c179964
_d179964